000 01096nam a22002657a 4500
008 171104s2003 sp||||| |||| 00| 0 spa d
020 _a8495951487
082 0 4 _a709.2
_bD988a
100 1 _aDávila, Mela.
_91969
245 1 0 _aAdrian Piper :
_bdesde 1965 /
_cedición por Mela Dávila ; curaduría por Manuel J. Borja-Villel ; Museu d'Art Contemporani de Barcelona (MACBA).
250 _a1a edición.
260 _aBarcelona, España :
_bMACBA ; Actar,
_c2003.
300 _a267 páginas :
_bilustraciones.
500 _aCatálogo publicado con motivo a la exposición "Adrian Piper: desde 1965", presentada del 17 de octubre de 2003 al 11 de enero de 2004, en Museu d'Art Contemporani de Barcelona (MACBA).
653 1 0 _aArte contemporáneo
653 1 0 _aCatálogo de exhibición
653 1 0 _aExhibiciones
653 1 0 _aArte - Estados Unidos
653 1 0 _aPerformance
653 1 0 _aArte conceptual
653 1 0 _aEnsayos
653 1 0 _aBiografías artísticas
700 1 _aBorja-Villel, Manuel J.
_ecurador.
_91906
710 1 _aMuseu d'Art Contemporani de Barcelona (MACBA).
_96082
999 _c1354
_d1354